| 000 | 00691nam a2200217Ia 4500 | ||
|---|---|---|---|
| 003 | GCL | ||
| 008 | 140319s9999 xx 000 0 ara d | ||
| 040 |
_aGCL / _cGCL |
||
| 082 | 0 | 4 |
_a139.7 _bف ن |
| 100 | 1 | _aفؤاد كامل (مترجم) | |
| 245 | 1 | 0 |
_aنصوص مختارة من التراث الوجودى ( هدية من الاديب عبدالفتاح الجمل ) / _cفؤاد كامل (مترجم) |
| 700 | 1 | _aفال، جان | |
| 700 | 1 | _aكيركجور | |
| 700 | 1 | _aيسبرز | |
| 300 | _a157 ص | ||
| 490 |
_aنصوص فلسفية _v0 |
||
| 650 | 0 | 4 | _aالفلسفة |
| 650 | 0 | 4 | _aالوجودية |
| 650 | 0 | 4 | _aما وراء الطبيعة, علم |
| 942 |
_2ddc _cBK |
||
| 999 |
_c41423 _d41423 |
||